[Event "EIWCC 2017"]
[Site "Riga"]
[Date "2017.04.15"]
[Round "5"]
[White "Paramzina, Anastasya"]
[Black "Houska, Jovanka"]
[Result "0-1"]
[WhiteElo "2202"]
[BlackElo "2397"]
[Annotator "ChessBase"]
[PlyCount "156"]
[EventDate "2017.??.??"]
[EventType "swiss"]
[EventCountry "LAT"]
[SourceTitle "playchess.com"]
[Source "ChessBase"]
[SourceQuality "1"]
[TimeControl "40/5400+30:1800+30"]

1. e4 {[%emt 0:03:17]} c6 {[%emt 0:00:04]} 2. d4 {[%emt 0:00:06]} d5 {[%emt 0:00:03]} 3. Nc3 {[%emt 0:00:05]} dxe4 {[%emt 0:00:07]} 4. Nxe4 {[%emt 0:00:03]} Bf5 {[%emt 0:00:04]} 5. Ng3 {[%emt 0:00:06]} Bg6 {[%emt 0:00:04]} 6. h4 {[%emt 0:00:06]} h6 {[%emt 0:00:03]} 7. h5 {[%emt 0:00:05]} Bh7 {[%emt 0:00:08]} 8. Nf3 {[%emt 0:00:05]} Nd7 {[%emt 0:01:24]} 9. Bd3 {[%emt 0:00:16]} Bxd3 {[%emt 0:00:05]} 10. Qxd3 {[%emt 0:00:05]} e6 {[%emt 0:00:04]} 11. Bd2 {[%emt 0:00:15]} Ngf6 {[%emt 0:00:08]} 12. O-O-O {[%emt 0:00:20]} Be7 {[%emt 0:00:03]} 13. Ne4 {[%emt 0:00:12]} Nxe4 {[%emt 0:00:15]} 14. Qxe4 {[%emt 0:00:06]} Nf6 {[%emt 0:00:03]} 15. Qd3 {[%emt 0:02:26]} c5 {[%emt 0:00:04]} 16. Qb5+ {[%emt 0:04:43]} Qd7 {[%emt 0:00:06]} 17. Qxd7+ {[%emt 0:00:05]} Nxd7 {[%emt 0:00:03]} 18. Rhe1 {[%emt 0:04:16]} Nf6 {[%emt 0:03:15]} 19. Rh1 {[%emt 0:12:08]} cxd4 {[%emt 0:11:51]} 20. Nxd4 {[%emt 0:05:02]} O-O-O {[%emt 0:08:16]} 21. Nb5 Rd5 22. c4 {[%emt 0:17:57]} Rc5 {[%emt 0:33:56]} 23. Nxa7+ {[%emt 0:04:23]} Kb8 {[%emt 0:00:03]} 24. Nb5 {[%emt 0:00:06]} Rxc4+ {[%emt 0:00:04]} 25. Kb1 Rc5 {[%emt 0:11:32]} 26. a4 {[%emt 0:03:06]} Nd5 {[%emt 0:04:21]} 27. f3 {[%emt 0:04:15]} Rd8 28. g4 {[%emt 0:04:23]} b6 {[%emt 0:02:53]} 29. Rc1 {[%emt 0:02:03]} Kb7 {[%emt 0:00:58]} 30. Rhd1 {[%emt 0:04:34]} Ra8 {[%emt 0:08:44]} 31. b3 {[%emt 0:01:14]} Rd8 32. Be1 f5 {[%emt 0:10:24]} 33. Bd2 {[%emt 0:21:33]} fxg4 {[%emt 0:02:09]} 34. fxg4 {[%emt 0:00:51]} Rf8 {[%emt 0:02:08]} 35. Nd4 {[%emt 0:01:07]} Nc7 {[%emt 0:02:20]} 36. b4 {[%emt 0:02:45]} Rxc1+ {[%emt 0:00:17]} 37. Kxc1 {[%emt 0:02:32]} Rf2 {[%emt 0:00:39]} 38. b5 {[%emt 0:00:54]} Bf6 {[%emt 0:01:03]} 39. Nc2 {[%emt 0:01:59]} Nd5 {[%emt 0:00:53]} 40. Re1 {[%emt 0:00:00]} Nf4 {[%emt 0:01:16]} 41. Kd1 {[%emt 0:12:07]} e5 {[%emt 0:06:58]} 42. Nb4 Rg2 {[%emt 0:04:04]} 43. Bxf4 {[%emt 0:07:15]} exf4 {[%emt 0:00:07]} 44. Nd5 {[%emt 0:10:18]} Bg5 {[%emt 0:07:58]} 45. Re5 f3 {[%emt 0:08:43]} 46. Rf5 {[%emt 0:00:43]} Rd2+ {[%emt 0:00:59]} 47. Ke1 {[%emt 0:00:03]} f2+ 48. Kf1 {[%emt 0:00:23]} Bh4 {[%emt 0:00:09]} 49. Ne3 {[%emt 0:01:35]} Ra2 {[%emt 0:00:15]} 50. Rf7+ {[%emt 0:01:14]} Kc8 {[%emt 0:00:07]} 51. Rf4 {[%emt 0:01:04]} Ra3 {[%emt 0:04:48]} 52. Nd1 {[%emt 0:00:25]} Ra1 {[%emt 0:00:18]} 53. Ke2 {[%emt 0:00:06]} Kd8 {[%emt 0:00:54]} 54. Nxf2 {[%emt 0:01:48]} Ra2+ {[%emt 0:00:04]} 55. Kf1 {[%emt 0:00:14]} Bxf2 {[%emt 0:00:07]} 56. Rxf2 {[%emt 0:00:04]} Rxa4 {[%emt 0:00:03]} 57. Rg2 {[%emt 0:01:56]} Rb4 {[%emt 0:00:15]} 58. Rd2+ {[%emt 0:00:46]} Ke7 {[%emt 0:00:08]} 59. Re2+ {[%emt 0:00:15]} Kf6 {[%emt 0:00:20]} 60. Rf2+ {[%emt 0:00:07]} Kg5 {[%emt 0:00:06]} 61. Rd2 {[%emt 0:00:55]} Rf4+ {[%emt 0:01:05]} 62. Ke2 {[%emt 0:00:09]} Rxg4 {[%emt 0:00:06]} 63. Rd6 {[%emt 0:00:09]} Kxh5 {[%emt 0:00:08]} 64. Rxb6 {[%emt 0:00:04]} Rb4 {[%emt 0:00:43]} 65. Kf3 {[%emt 0:00:53]} g5 {[%emt 0:01:42]} 66. Kg3 {[%emt 0:00:49]} Rb3+ {[%emt 0:00:11]} 67. Kg2 {[%emt 0:00:31]} g4 {[%emt 0:00:05]} 68. Rb8 {[%emt 0:00:18]} Kh4 {[%emt 0:00:06]} 69. b6 {[%emt 0:00:47]} h5 {[%emt 0:00:40]} 70. b7 {[%emt 0:00:06]} Rb2+ {[%emt 0:00:16]} 71. Kf1 g3 {[%emt 0:02:53]} 72. Rc8 {[%emt 0:02:06]} Rxb7 {[%emt 0:00:16]} 73. Rc5 {[%emt 0:00:10]} Kg4 {[%emt 0:00:13]} 74. Kg2 {[%emt 0:00:03]} Rb2+ {[%emt 0:00:08]} 75. Kf1 {[%emt 0:00:08]} h4 {[%emt 0:00:08]} 76. Rc1 h3 {[%emt 0:00:39]} 77. Kg1 {[%emt 0:00:24]} h2+ {[%emt 0:00:34]} 78. Kh1 {[%emt 0:00:04]} Kh3 {[%emt 0:00:04]} 0-1

[Event "EIWCC 2017"]
[Site "Riga"]
[Date "2017.04.15"]
[Round "5"]
[White "Utiatskaja, Irina"]
[Black "Osmanodja, Filiz"]
[Result "1-0"]
[WhiteElo "2152"]
[BlackElo "2370"]
[Annotator "NA"]
[PlyCount "121"]
[EventDate "2017.??.??"]
[EventType "swiss"]
[EventCountry "LAT"]
[SourceTitle "playchess.com"]
[Source "ChessBase"]
[SourceQuality "1"]
[TimeControl "40/5400+30:1800+30"]

1. d4 {[%emt 0:00:00]} Nf6 {[%emt 0:00:56]} 2. c4 {[%emt 0:00:00]} e6 {[%emt 0:00:12]} 3. Nc3 {[%emt 0:00:04]} Bb4 {[%emt 0:00:27]} 4. e3 {[%emt 0:00:20]} O-O {[%emt 0:00:07]} 5. Nge2 {[%emt 0:00:04]} d5 {[%emt 0:01:34]} 6. a3 {[%emt 0:00:11]} Be7 {[%emt 0:02:45]} 7. cxd5 {[%emt 0:00:09]} exd5 {[%emt 0:00:02]} 8. Nf4 {[%emt 0:00:11]} Re8 {[%emt 0:06:44]} 9. Bd3 {[%emt 0:01:31]} Bd6 {[%emt 0:02:04]} 10. O-O {[%emt 0:03:34]} Bxf4 {[%emt 0:00:08]} 11. exf4 {[%emt 0:00:04]} Nc6 {[%emt 0:03:20]} 12. Be3 {[%emt 0:12:32]} Ne7 {[%emt 0:09:30]} 13. Re1 {[%emt 0:05:24]} Bf5 {[%emt 0:03:40]} 14. Bf1 {[%emt 0:04:17]} c6 {[%emt 0:10:27]} 15. h3 {[%emt 0:01:34]} h5 {[%emt 0:00:51]} 16. g3 {[%emt 0:04:23]} Qd7 {[%emt 0:03:36]} 17. Kh2 {[%emt 0:00:18]} Nc8 {[%emt 0:01:13]} 18. f3 {[%emt 0:03:41]} Nd6 {[%emt 0:07:37]} 19. b3 {[%emt 0:00:44]} Re7 {[%emt 0:15:21]} 20. Qd2 {[%emt 0:04:24]} Rae8 {[%emt 0:02:48]} 21. Nd1 {[%emt 0:02:24]} Qc7 {[%emt 0:03:24]} 22. Nf2 {[%emt 0:07:20]} h4 {[%emt 0:13:41]} 23. g4 {[%emt 0:03:13]} Bc2 {[%emt 0:04:56]} 24. Kg2 {[%emt 0:08:56]} Bxb3 {[%emt 0:00:34]} 25. Qc3 {[%emt 0:00:26]} Bc4 {[%emt 0:00:57]} 26. Bd2 {[%emt 0:01:19]} Rxe1 {[%emt 0:02:27]} 27. Bxe1 {[%emt 0:00:57]} Nb5 {[%emt 0:01:10]} 28. Qd2 {[%emt 0:00:04]} Bxf1+ {[%emt 0:00:49]} 29. Kxf1 {[%emt 0:00:03]} Qb6 {[%emt 0:00:37]} 30. Rd1 {[%emt 0:00:15]} Nxa3 {[%emt 0:00:21]} 31. Rc1 {[%emt 0:02:13]} Qc7 {[%emt 0:01:03]} 32. Nd3 {[%emt 0:00:21]} Nc4 {[%emt 0:00:25]} 33. Qf2 {[%emt 0:01:29]} Qb6 {[%emt 0:00:57]} 34. Ne5 {[%emt 0:00:56]} Nxe5 {[%emt 0:01:05]} 35. fxe5 {[%emt 0:00:03]} Nd7 {[%emt 0:00:14]} 36. f4 {[%emt 0:01:09]} Rc8 {[%emt 0:01:29]} 37. Kg2 {[%emt 0:01:25]} c5 {[%emt 0:00:16]} 38. f5 {[%emt 0:08:12]} Rc6 {[%emt 0:00:16]} 39. f6 {[%emt 0:00:51]} gxf6 {[%emt 0:00:42]} 40. Qf5 {[%emt 0:00:00]} Nf8 {[%emt 0:01:04]} 41. Bxh4 {[%emt 0:02:18]} Qb2+ {[%emt 0:06:19]} 42. Rc2 {[%emt 0:00:11]} Qxd4 {[%emt 0:00:03]} 43. Re2 {[%emt 0:00:08]} Ng6 {[%emt 0:02:06]} 44. Bxf6 {[%emt 0:01:54]} Qd3 {[%emt 0:07:56]} 45. Rf2 {[%emt 0:02:43]} Qe4+ {[%emt 0:06:45]} 46. Kh2 {[%emt 0:00:32]} Qxf5 {[%emt 0:05:28]} 47. gxf5 {[%emt 0:00:08]} Nxe5 {[%emt 0:02:43]} 48. Bxe5 {[%emt 0:00:06]} f6 {[%emt 0:00:03]} 49. Bf4 {[%emt 0:03:08]} b5 {[%emt 0:00:09]} 50. Rg2+ {[%emt 0:01:10]} Kh7 {[%emt 0:01:20]} 51. Re2 {[%emt 0:00:45]} a5 {[%emt 0:02:11]} 52. Re7+ {[%emt 0:00:13]} Kg8 {[%emt 0:00:01]} 53. Rb7 {[%emt 0:02:56]} b4 {[%emt 0:00:01]} 54. Rb8+ {[%emt 0:00:28]} Kf7 {[%emt 0:00:04]} 55. Rb7+ {[%emt 0:00:17]} Ke8 {[%emt 0:00:09]} 56. h4 {[%emt 0:01:33]} Rc8 {[%emt 0:01:59]} 57. Bd6 {[%emt 0:02:43]} b3 {[%emt 0:00:22]} 58. h5 {[%emt 0:02:27]} b2 {[%emt 0:00:03]} 59. h6 {[%emt 0:00:07]} b1=Q {[%emt 0:00:05]} 60. Rxb1 {[%emt 0:00:03]} Kd7 {[%emt 0:00:38]} 61. Rb8 {[%emt 0:02:14]} 1-0

[Event "EIWCC 2017"]
[Site "Riga"]
[Date "2017.04.15"]
[Round "5"]
[White "Petrenko, Svetlana"]
[Black "Gvetadze, Sofio"]
[Result "1-0"]
[WhiteElo "2136"]
[BlackElo "2292"]
[Annotator "ChessBase"]
[PlyCount "137"]
[EventDate "2017.??.??"]
[EventType "swiss"]
[EventCountry "LAT"]
[SourceTitle "playchess.com"]
[Source "ChessBase"]
[SourceQuality "1"]
[TimeControl "40/5400+30:1800+30"]

1. d4 {[%emt 0:00:00]} Nf6 {[%emt 0:00:33]} 2. c4 {[%emt 0:00:02]} e6 {[%emt 0:00:21]} 3. Nc3 {[%emt 0:00:46]} Bb4 {[%emt 0:00:24]} 4. Qc2 {[%emt 0:02:54]} O-O {[%emt 0:00:30]} 5. a3 {[%emt 0:00:33]} Bxc3+ {[%emt 0:00:40]} 6. Qxc3 {[%emt 0:00:41]} Ne4 {[%emt 0:01:01]} 7. Qc2 {[%emt 0:01:12]} f5 {[%emt 0:01:49]} 8. Nf3 {[%emt 0:02:08]} d6 {[%emt 0:02:23]} 9. g3 {[%emt 0:08:20]} Nd7 {[%emt 0:01:17]} 10. Bg2 {[%emt 0:00:28]} Qe8 {[%emt 0:06:04]} 11. h4 {[%emt 0:06:02]} h6 {[%emt 0:04:12]} 12. Be3 {[%emt 0:06:08]} Ndf6 {[%emt 0:02:20]} 13. Nd2 {[%emt 0:01:09]} e5 {[%emt 0:19:58]} 14. dxe5 {[%emt 0:15:39]} Qxe5 {[%emt 0:00:38]} 15. Bf4 {[%emt 0:01:10]} Qe7 {[%emt 0:01:58]} 16. Nxe4 {[%emt 0:09:43]} Nxe4 {[%emt 0:02:17]} 17. h5 {[%emt 0:12:29]} a5 {[%emt 0:03:28]} 18. a4 {[%emt 0:09:49]} Bd7 {[%emt 0:00:35]} 19. Bf3 {[%emt 0:01:16]} Bc6 {[%emt 0:04:50]} 20. Kf1 {[%emt 0:00:39]} Nc5 {[%emt 0:02:38]} 21. Kg2 {[%emt 0:03:57]} Rae8 {[%emt 0:07:31]} 22. e3 {[%emt 0:03:25]} Bxf3+ {[%emt 0:16:31]} 23. Kxf3 {[%emt 0:00:02]} Qd7 {[%emt 0:00:35]} 24. Kg2 {[%emt 0:02:10]} Rf7 {[%emt 0:01:29]} 25. Rhd1 {[%emt 0:02:39]} Rf6 {[%emt 0:03:53]} 26. Rd5 {[%emt 0:00:47]} Qf7 {[%emt 0:00:44]} 27. Rh1 {[%emt 0:00:52]} b6 {[%emt 0:01:04]} 28. b3 {[%emt 0:01:36]} Qd7 {[%emt 0:01:44]} 29. Rh4 {[%emt 0:01:04]} Ne6 {[%emt 0:02:40]} 30. Be5 {[%emt 0:02:57]} Rff8 {[%emt 0:00:38]} 31. Bb2 {[%emt 0:00:29]} Ng5 {[%emt 0:01:18]} 32. Rf4 {[%emt 0:00:57]} Re4 {[%emt 0:00:34]} 33. g4 {[%emt 0:01:15]} Rxf4 {[%emt 0:02:19]} 34. exf4 {[%emt 0:00:26]} Ne6 {[%emt 0:01:48]} 35. Rxf5 {[%emt 0:00:20]} Nxf4+ {[%emt 0:00:16]} 36. Kf3 {[%emt 0:02:00]} Rxf5 {[%emt 0:01:22]} 37. gxf5 {[%emt 0:00:02]} Nxh5 {[%emt 0:00:16]} 38. Qe4 {[%emt 0:01:40]} Qf7 {[%emt 0:00:43]} 39. Qa8+ {[%emt 0:00:49]} Kh7 {[%emt 0:00:16]} 40. Qe4 {[%emt 0:00:00]} Nf6 {[%emt 0:00:52]} 41. Qe6 {[%emt 0:03:32]} Qh5+ {[%emt 0:20:02]} 42. Ke3 {[%emt 0:02:51]} Qg5+ {[%emt 0:00:07]} 43. Kd3 {[%emt 0:01:35]} h5 {[%emt 0:00:34]} 44. Bd4 {[%emt 0:02:02]} h4 {[%emt 0:01:16]} 45. f4 {[%emt 0:07:39]} Qg3+ {[%emt 0:00:34]} 46. Kc2 {[%emt 0:00:25]} Qg2+ {[%emt 0:00:41]} 47. Kc3 {[%emt 0:08:49]} Ne4+ {[%emt 0:10:50]} 48. Kd3 {[%emt 0:00:01]} Qf3+ {[%emt 0:04:36]} 49. Kc2 {[%emt 0:00:08]} Qe2+ {[%emt 0:00:34]} 50. Kc1 {[%emt 0:01:44]} Qf1+ {[%emt 0:00:29]} 51. Kc2 {[%emt 0:01:48]} Qg2+ {[%emt 0:00:02]} 52. Kd3 {[%emt 0:00:17]} h3 {[%emt 0:00:11]} 53. Qf7 {[%emt 0:05:44]} Qf3+ {[%emt 0:00:07]} 54. Kc2 {[%emt 0:00:50]} Qe2+ {[%emt 0:00:18]} 55. Kc1 {[%emt 0:00:23]} Qd2+ {[%emt 0:01:55]} 56. Kb1 {[%emt 0:00:02]} Qd1+ {[%emt 0:00:03]} 57. Ka2 {[%emt 0:00:12]} Qc2+ {[%emt 0:01:17]} 58. Ka3 {[%emt 0:00:43]} Qc1+ {[%emt 0:00:09]} 59. Bb2 {[%emt 0:00:19]} Qg1 {[%emt 0:00:02]} 60. Qh5+ {[%emt 0:00:19]} Kg8 {[%emt 0:00:01]} 61. Qe8+ {[%emt 0:00:18]} Kh7 {[%emt 0:00:01]} 62. Qxe4 {[%emt 0:01:49]} h2 {[%emt 0:00:01]} 63. f6+ {[%emt 0:00:04]} Kh6 {[%emt 0:00:10]} 64. f7 {[%emt 0:00:28]} d5 {[%emt 0:01:01]} 65. Qe6+ {[%emt 0:00:20]} Kh5 {[%emt 0:00:17]} 66. Qxd5+ {[%emt 0:00:39]} g5 {[%emt 0:00:12]} 67. f8=Q {[%emt 0:00:11]} h1=Q {[%emt 0:00:06]} 68. Qxh1+ {[%emt 0:00:14]} Qxh1 {[%emt 0:00:03]} 69. Qh8+ {[%emt 0:00:10]} 1-0

[Event "EIWCC 2017"]
[Site "Riga"]
[Date "2017.04.15"]
[Round "5"]
[White "Vidruska, Renate"]
[Black "Badelka, Olga"]
[Result "0-1"]
[WhiteElo "2093"]
[BlackElo "2362"]
[Annotator "NA"]
[PlyCount "66"]
[EventDate "2017.??.??"]
[EventType "swiss"]
[EventCountry "LAT"]
[SourceTitle "playchess.com"]
[Source "ChessBase"]
[SourceQuality "1"]
[TimeControl "40/5400+30:1800+30"]

1. e4 {[%emt 0:00:00]} c5 {[%emt 0:00:04]} 2. Nf3 {[%emt 0:00:00]} Nc6 {[%emt 0:00:04]} 3. d4 {[%emt 0:00:00]} cxd4 {[%emt 0:00:04]} 4. Nxd4 {[%emt 0:00:00]} e5 {[%emt 0:00:05]} 5. Nb5 {[%emt 0:00:20]} d6 {[%emt 0:00:05]} 6. a4 {[%emt 0:01:20]} Be6 {[%emt 0:00:16]} 7. N1c3 {[%emt 0:00:11]} a6 {[%emt 0:00:15]} 8. Na3 {[%emt 0:00:05]} Rc8 {[%emt 0:00:11]} 9. Be3 {[%emt 0:11:38]} Nf6 {[%emt 0:01:07]} 10. Be2 {[%emt 0:00:55]} Be7 {[%emt 0:02:11]} 11. O-O {[%emt 0:00:12]} O-O {[%emt 0:00:47]} 12. Nc4 {[%emt 0:09:25]} Nd4 {[%emt 0:10:08]} 13. Bxd4 {[%emt 0:05:45]} Bxc4 {[%emt 0:00:19]} 14. Bxc4 {[%emt 0:12:28]} Rxc4 {[%emt 0:00:06]} 15. Be3 {[%emt 0:00:02]} Rb4 {[%emt 0:03:49]} 16. b3 {[%emt 0:05:52]} Qc7 {[%emt 0:03:28]} 17. Nd5 {[%emt 0:08:19]} Nxd5 {[%emt 0:00:06]} 18. exd5 {[%emt 0:00:11]} Re4 {[%emt 0:09:26]} 19. Qd3 {[%emt 0:06:45]} f5 {[%emt 0:00:12]} 20. a5 {[%emt 0:01:11]} Rg4 {[%emt 0:02:47]} 21. f3 {[%emt 0:01:54]} Rg6 {[%emt 0:00:05]} 22. Ra4 {[%emt 0:04:09]} Bg5 {[%emt 0:07:30]} 23. Bb6 {[%emt 0:01:08]} Qe7 {[%emt 0:01:34]} 24. Bf2 {[%emt 0:09:17]} h5 {[%emt 0:04:31]} 25. Kh1 {[%emt 0:03:04]} h4 {[%emt 0:02:00]} 26. Re1 {[%emt 0:06:11]} Qf6 {[%emt 0:04:17]} 27. Qe2 {[%emt 0:06:50]} Qf7 {[%emt 0:13:06]} 28. Rd1 {[%emt 0:00:14]} e4 {[%emt 0:02:31]} 29. fxe4 {[%emt 0:03:30]} h3 {[%emt 0:06:30]} 30. Rg1 {[%emt 0:01:49]} fxe4 {[%emt 0:00:47]} 31. Qxe4 {[%emt 0:01:19]} Qxf2 {[%emt 0:00:35]} 32. Qxg6 {[%emt 0:00:05]} Qxg1+ {[%emt 0:00:12]} 33. Kxg1 {[%emt 0:00:03]} Be3+ {[%emt 0:00:02]} 0-1

[Event "EIWCC 2017"]
[Site "Riga"]
[Date "2017.04.15"]
[Round "5"]
[White "Arda, Cagil Irmak"]
[Black "Travkina, Anastasia"]
[Result "1/2-1/2"]
[WhiteElo "2089"]
[BlackElo "2287"]
[Annotator "ChessBase"]
[PlyCount "36"]
[EventDate "2017.??.??"]
[EventType "swiss"]
[EventCountry "LAT"]
[SourceTitle "playchess.com"]
[Source "ChessBase"]
[SourceQuality "1"]
[TimeControl "40/5400+30:1800+30"]

1. e4 {[%emt 0:00:09]} c5 {[%emt 0:00:05]} 2. Nf3 {[%emt 0:00:09]} d6 {[%emt 0:00:05]} 3. d4 {[%emt 0:00:13]} cxd4 {[%emt 0:00:06]} 4. Nxd4 {[%emt 0:00:04]} Nf6 {[%emt 0:00:04]} 5. f3 {[%emt 0:00:20]} e5 {[%emt 0:00:57]} 6. Nb3 {[%emt 0:00:06]} a5 {[%emt 0:00:57]} 7. Be3 {[%emt 0:02:52]} Be7 {[%emt 0:09:59]} 8. c4 {[%emt 0:00:26]} O-O {[%emt 0:01:16]} 9. Be2 {[%emt 0:01:19]} a4 {[%emt 0:01:21]} 10. N3d2 {[%emt 0:00:33]} Qa5 {[%emt 0:00:22]} 11. O-O {[%emt 0:02:09]} Be6 {[%emt 0:04:38]} 12. Qc2 {[%emt 0:02:26]} Nc6 {[%emt 0:10:38]} 13. Qc3 {[%emt 0:02:42]} Rfc8 {[%emt 0:16:28]} 14. Qxa5 {[%emt 0:03:46]} Nxa5 {[%emt 0:00:13]} 15. Na3 {[%emt 0:00:56]} Nd7 {[%emt 0:01:24]} 16. Rac1 {[%emt 0:01:15]} Nc5 {[%emt 0:12:34]} 17. Ndb1 {[%emt 0:04:42]} Nd7 {[%emt 0:03:34]} 18. Nd2 {[%emt 0:12:09]} Nc5 {[%emt 0:00:06]} 1/2-1/2

[Event "EIWCC 2017"]
[Site "Riga"]
[Date "2017.04.15"]
[Round "5"]
[White "Makka, Ioulia"]
[Black "Galojan, Lilit"]
[Result "0-1"]
[WhiteElo "2069"]
[BlackElo "2290"]
[Annotator "NA"]
[PlyCount "68"]
[EventDate "2017.??.??"]
[EventType "swiss"]
[EventCountry "LAT"]
[SourceTitle "playchess.com"]
[Source "ChessBase"]
[SourceQuality "1"]
[TimeControl "40/5400+30:1800+30"]

1. e4 {[%emt 0:00:00]} c5 {[%emt 0:00:05]} 2. Nf3 {[%emt 0:00:00]} e6 {[%emt 0:00:04]} 3. d4 {[%emt 0:00:00]} cxd4 {[%emt 0:00:06]} 4. Nxd4 {[%emt 0:00:00]} Nf6 {[%emt 0:00:22]} 5. Nc3 {[%emt 0:01:47]} d6 {[%emt 0:00:26]} 6. Bc4 {[%emt 0:11:20]} Qc7 {[%emt 0:05:28]} 7. Qe2 {[%emt 0:04:31]} a6 $11 {[%emt 0:03:58]} 8. a3 {[%emt 0:02:36]} Nc6 {[%emt 0:10:59]} 9. Nxc6 {[%emt 0:11:11]} bxc6 {[%emt 0:01:16]} 10. O-O {[%emt 0:05:18]} Be7 {[%emt 0:00:06]} 11. b3 {[%emt 0:03:54]} O-O {[%emt 0:04:16]} 12. Bb2 {[%emt 0:09:53]} d5 {[%emt 0:04:29]} 13. Bd3 {[%emt 0:01:13]} Bd6 {[%emt 0:28:46]} 14. h3 {[%emt 0:16:30]} e5 {[%emt 0:00:46]} 15. Qf3 {[%emt 0:04:20]} Be6 {[%emt 0:02:27]} 16. Rae1 {[%emt 0:03:02]} Rfe8 {[%emt 0:02:21]} 17. g4 {[%emt 0:03:06]} Qb7 {[%emt 0:09:46]} 18. g5 {[%emt 0:02:13]} Nd7 {[%emt 0:00:58]} 19. Na4 {[%emt 0:03:43]} Rf8 {[%emt 0:09:39]} 20. Qh5 {[%emt 0:09:03]} f5 {[%emt 0:00:08]} 21. gxf6 {[%emt 0:01:03]} Nxf6 {[%emt 0:01:11]} 22. Qh4 {[%emt 0:00:09]} dxe4 {[%emt 0:03:10]} 23. Bxe4 {[%emt 0:00:33]} Nxe4 {[%emt 0:00:09]} 24. Rxe4 {[%emt 0:00:36]} Rf6 {[%emt 0:07:53]} 25. Bxe5 {[%emt 0:02:17]} Rg6+ {[%emt 0:02:26]} 26. Bg3 {[%emt 0:01:04]} Qf7 {[%emt 0:01:07]} 27. Rd1 {[%emt 0:01:49]} Bd5 {[%emt 0:00:54]} 28. Re3 {[%emt 0:01:02]} Rf8 {[%emt 0:00:17]} 29. Rf1 {[%emt 0:01:02]} Bxg3 {[%emt 0:00:28]} 30. Rxg3 {[%emt 0:00:37]} Qf3 {[%emt 0:00:14]} 31. Kh2 {[%emt 0:00:59]} Qg2+ {[%emt 0:00:07]} 32. Rxg2 {[%emt 0:00:11]} Rxg2+ {[%emt 0:00:03]} 33. Kh1 {[%emt 0:00:06]} Rgxf2+ {[%emt 0:00:19]} 34. Kg1 {[%emt 0:00:35]} Rg2+ {[%emt 0:00:03]} 0-1

[Event "EIWCC 2017"]
[Site "Riga"]
[Date "2017.04.15"]
[Round "5"]
[White "Sinitsina, Anastassia"]
[Black "Golubenko, Valentina"]
[Result "0-1"]
[WhiteElo "2052"]
[BlackElo "2271"]
[Annotator "NA"]
[PlyCount "74"]
[EventDate "2017.??.??"]
[EventType "swiss"]
[EventCountry "LAT"]
[SourceTitle "playchess.com"]
[Source "ChessBase"]
[SourceQuality "1"]
[TimeControl "40/5400+30:1800+30"]

1. e4 {[%emt 0:00:00]} e6 {[%emt 0:00:04]} 2. d4 {[%emt 0:00:05]} d5 {[%emt 0:00:05]} 3. Nc3 {[%emt 0:00:29]} Nc6 {[%emt 0:00:28]} 4. Nf3 {[%emt 0:01:16]} Nf6 {[%emt 0:00:39]} 5. e5 {[%emt 0:01:50]} Ne4 {[%emt 0:00:46]} 6. Bd3 {[%emt 0:02:20]} Bb4 $11 {[%emt 0:01:04] LiveBook: 261 Games} 7. Bd2 {[%emt 0:00:51]} Nxd2 {[%emt 0:00:35]} 8. Qxd2 {[%emt 0:00:12]} f6 {[%emt 0:00:39]} 9. a3 {[%emt 0:01:42]} Bxc3 {[%emt 0:01:52]} 10. Qxc3 {[%emt 0:00:39]} O-O {[%emt 0:05:46]} 11. O-O {[%emt 0:05:33]} fxe5 {[%emt 0:03:46]} 12. Nxe5 {[%emt 0:01:36]} Nxe5 {[%emt 0:01:50]} 13. dxe5 {[%emt 0:00:09]} b6 {[%emt 0:02:54]} 14. b4 {[%emt 0:06:53]} Rf4 {[%emt 0:08:34]} 15. g3 {[%emt 0:04:10]} Rf8 {[%emt 0:10:57]} 16. f4 {[%emt 0:03:29]} Qe7 {[%emt 0:04:42]} 17. b5 {[%emt 0:03:47]} Bb7 {[%emt 0:01:48]} 18. Qd4 {[%emt 0:03:42]} g6 {[%emt 0:06:25]} 19. a4 {[%emt 0:02:21]} a5 {[%emt 0:04:49]} 20. Kg2 {[%emt 0:09:28]} Rac8 {[%emt 0:03:20]} 21. Rab1 {[%emt 0:01:49]} Rfd8 {[%emt 0:06:27]} 22. Kf2 {[%emt 0:06:04]} Qf8 {[%emt 0:04:17]} 23. h4 {[%emt 0:03:17]} Rd7 {[%emt 0:02:19]} 24. h5 {[%emt 0:03:53]} gxh5 {[%emt 0:01:13]} 25. Rh1 {[%emt 0:00:13]} Qc5 {[%emt 0:07:52]} 26. c3 {[%emt 0:02:24]} Qa3 {[%emt 0:01:33]} 27. Rxh5 {[%emt 0:04:11]} Qa2+ {[%emt 0:00:09]} 28. Kf3 {[%emt 0:00:45]} c5 {[%emt 0:03:02]} 29. bxc6 {[%emt 0:00:25]} Rxc6 {[%emt 0:00:22]} 30. Rg5+ {[%emt 0:11:04]} Kf8 {[%emt 0:00:42]} 31. Rxb6 {[%emt 0:01:30]} Rxb6 {[%emt 0:12:05]} 32. Qxb6 {[%emt 0:00:34]} d4+ {[%emt 0:00:19]} 33. Kg4 {[%emt 0:00:31]} Qd5 {[%emt 0:01:29]} 34. Qb1 {[%emt 0:02:41]} dxc3 {[%emt 0:01:36]} 35. Bc2 {[%emt 0:01:57]} Qg2 {[%emt 0:01:21]} 36. Bd1 {[%emt 0:03:36]} c2 {[%emt 0:01:06]} 37. Qxc2 {[%emt 0:02:37]} Bf3+ {[%emt 0:00:24]} 0-1